Cómo utilizar su mente con máximo rendimiento / (Record no. 178258)

MARC details
000 -CABECERA
campo de control de longitud fija 00696nam a2200241 a 4500
005 - FECHA Y HORA DE LA ÚLTIMA TRANSACCIÓN
campo de control 20240924070829.0
008 - ELEMENTOS DE LONGITUD FIJA--INFORMACIÓN GENERAL
campo de control de longitud fija 151020s1991 mx r 000 0 spa d
020 ## - NÚMERO INTERNACIONAL NORMALIZADO PARA LIBROS
Número Internacional Estándar del Libro 8423406466
035 ## - NÚMERO DE CONTROL DEL SISTEMA
Número de control de sistema UPN01000206157
049 ## - COLECCIÓN
Colección CG
050 #4 - SIGNATURA TOPOGRÁFICA DE LA BIBLIOTECA DEL CONGRESO
Número de clasificación BF431
Número de documento/Ítem B8.2 1991
100 1# - ASIENTO PRINCIPAL--NOMBRE PERSONAL
Nombre de persona Buzan, Tony,
Fechas asociadas al nombre 1942-
9 (RLIN) 37857
245 10 - MENCIÓN DE TÍTULO
Título Cómo utilizar su mente con máximo rendimiento /
Mención de responsabilidad, etc. Tony Buzan.
250 ## - MENCIÓN DE EDICIÓN
Mención de edición 2a ed. correg.
260 ## - PUBLICACIÓN, DISTRIBUCIÓN, ETC.
Lugar de publicación, distribución, etc. Bilbao, Esp. :
Nombre del editor, distribuidor, etc. Deusto,
Fecha de publicación, distribución, etc. 1991.
300 ## - DESCRIPCIÓN FÍSICA
Extensión 151 p.
440 #0 - MENCIÓN DE SERIE/ASIENTO SECUNDARIO--TÍTULO
Título Psicologia y desarrollo personal
534 ## - NOTA SOBRE LA VERSIÓN ORIGINAL
Frase introductoria Titulo original:
Mención de título del original Use your Head
650 #4 - ASIENTO SECUNDARIO DE MATERIA - TERMINO TEMATICO
Término de materia o nombre geográfico como elemento de entrada Inteligencia
9 (RLIN) 939
650 #2 - ASIENTO SECUNDARIO DE MATERIA - TERMINO TEMATICO
Término de materia o nombre geográfico como elemento de entrada Desarrollo intelectual
9 (RLIN) 9159
905 ## - TIPO DE MATERIAL
Tipo de material Libro
Holdings
Estado de retiro Estado de pérdida Fuente del sistema de clasificación o colocación Estado dañado No para préstamo Código de colección Localización permanente Ubicación/localización actual Ubicación en estantería Total de préstamos Clasificación Código de barras Fecha visto por última vez Número de copia Tipo de ítem Koha
    Library of Congress Classification     Colección General Bib. Gregorio Torres Quintero Bib. Gregorio Torres Quintero Planta baja   BF431 B8.2 1991 306526 31/12/2020 1 Libro